Willis's practice and procedure for the quantity surveyor

Guardat en:
Dades bibliogràfiques
Autor principal: ASHWORTH, Allan Hogg, Keith Higgs Catherine
Format: Llibre
Idioma:anglès
Publicat: John Wiley & Sons 2013
Etiquetes: Afegir etiqueta
Sense etiquetes, Sigues el primer a etiquetar aquest registre!

MARC

LEADER 00000nam a22000007a 4500
008 230811b |||||||| |||| 00| 0 eng d
020 |a 9780470672198 
100 |a ASHWORTH, Allan  |a Hogg, Keith  |a Higgs Catherine 
245 |a Willis's practice and procedure for the quantity surveyor  |c  Allan Ashworth, Keith Hogg, Catherine Higgs.  |g xi, 426p, ill 
260 |b John Wiley & Sons  |c 2013  |h West Sussex, UK  |i 700503  |i 700504  |i 700505  |l TH435.As3  |m Building-Estimates-Great Britain 
500 |a Includes bibliographical references and index. 
942 |a lcc  |c BK  |e Johnson  |f 11/08/23 
952 |0 0  |1 0  |2 lcc  |4 0  |6 TH0435 A S3  |7 0  |9 4356  |a EDM  |b HOL  |c QZ  |d 2023-08-11  |l 0  |o TH435.As3  |p 2023-0281  |r 2023-08-11 00:00:00  |t 700503  |w 2023-08-11  |y BK 
952 |0 0  |1 0  |2 lcc  |4 0  |6 TH0435 A S3  |7 0  |9 4357  |a HOL  |b HOL  |c QZ  |d 2023-08-11  |l 0  |o TH435.As3  |p 2023-0282  |r 2023-08-11 00:00:00  |t 700504  |w 2023-08-11  |y BK 
952 |0 0  |1 0  |2 lcc  |4 0  |6 TH0435 A S3  |7 0  |9 4358  |a HOL  |b HOL  |c QZ  |d 2023-08-11  |l 0  |o TH435.As3  |p 2023-0283  |r 2023-08-11 00:00:00  |t 700505  |w 2023-08-11  |y BK 
999 |c 2189  |d 2189